00594nam a2200193 i 4500001000300000100001900003245008000022250001900102260002100121700002000142040000800162041000800170080001000178942000700188008004100195999001700236856009800253952004900351bg1 aCHEDA, Wacław 0aTechniczny poradnik lotniczy :bpłatowce /cWacław Cheda, Michał Malski. aWyd.2 poszerz. aWarszawa,c1981.1 aMALSKI, Michał cBPK apol a629.7 cKS s pl f |000 0 pol  c20238d20238 uhttp://koha.tu.koszalin.pl/cgi-bin/koha/opac-detail.pl?biblionumber=20238yKatalog online BPK 00104070aBPKbBPKcwo28534p01659535yKS